South African Journal of Libraries and Information Science | Stellenbosch University

Dettagli Bibliografici
Natura: Elettronico Periodico
Lingua:English
Pubblicazione: Cambridge University Press
Accesso online:Full text available on Research4Life (HINARI,AGORA,OARE,ARDI & GOALI)
LEADER 00777cas a2200181 a 4500
001 AALejournalResearch4Life005015
008 240902c9999 xx r poo 0 0eng d
022 |a 23048263 
022 |a 2568861 
040 |a BD-DhAAL  |c BD-DhAAL 
245 0 0 |h [electronic resource]  |a South African Journal of Libraries and Information Science | Stellenbosch University 
260 |b Cambridge University Press 
300 |a 1 online resource 
362 0 |a 2011 - current issue 
500 |a <strong>On-Campus Access Only (IP based access)</strong> 
506 |a Electronic access restricted to authorized BRAC University faculty, staff and students 
538 |a Mode of access: Internet 
856 4 0 |z Full text available on Research4Life (HINARI,AGORA,OARE,ARDI & GOALI)  |u http://sajlis.journals.ac.za